| 000 | 00897nam a2200301 a 4500 | ||
|---|---|---|---|
| 001 | 000114885 | ||
| 003 | CHAP | ||
| 005 | 20220329144503.0 | ||
| 008 | 180726s2017 mx a |r| |||||||spa d | ||
| 010 | _a111346 | ||
| 011 | _a112318 | ||
| 020 | _a9786071204592 | ||
| 040 | _cCHAP | ||
| 090 | _aFolleto 6769 | ||
| 245 | 0 | 0 |
_aEnriquecimiento proteico de nopal como forraje / _cpor Arnoldo Flores Hernández ... [et al.]. |
| 260 |
_aChapingo, Méx. : _bUACH, _c2017. |
||
| 300 |
_a28 p. : _bil. |
||
| 590 |
_aE11695DGD _b10 _c20180727 _lUCH01 _h1126 |
||
| 590 |
_aE5765TAJ _b05 _c20180726 _lUCH01 _h1216 |
||
| 650 | 1 | 4 |
_aNopal como forraje. _981712 |
| 650 | 1 | 4 |
_aNopal _xFermentación. _9132241 |
| 650 | 1 | 4 |
_aNopal _xValor nutritivo. _981702 |
| 650 | 1 | 4 |
_aProteínas en nutrición animal. _992454 |
| 700 | 0 |
_aFlores Hernández, Arnoldo. _941580 |
|
| 901 | _aBK | ||
| 942 | _cFOLL | ||
| 942 | _n0 | ||
| 999 |
_c111346 _d111346 |
||